[Event "Landesklasse Ost 2016/2017"]
[Site "?"]
[Date "2016.11.06"]
[Round "2"]
[White "Petigk, Falk"]
[Black "Geletzke, Hannah"]
[Result "1-0"]
[WhiteElo "1703"]
[BlackElo "1561"]
[PlyCount "57"]
[EventDate "2016.??.??"]
[WhiteTeam "SSV Vimaria 91 Weimar"]
[BlackTeam "SV Empor Erfurt"]

1. e4 c5 2. Nf3 d6 3. d4 cxd4 4. Nxd4 Nf6 5. Nc3 a6 6. f3 e5 7. Nb3 Be6 8. Bg5
Be7 9. Qd2 Nbd7 10. O-O-O Qc7 11. h4 b5 12. a3 O-O 13. Nd5 Bxd5 14. exd5 Rfc8
15. Bd3 Rab8 16. f4 a5 17. fxe5 Nxe5 18. Kb1 a4 19. Nd4 b4 20. axb4 a3 21. Nb5
a2+ 22. Ka1 Qb7 23. Be2 Qd7 24. Na3 Qa4 25. c3 Qb3 26. Qd4 h6 27. Bf4 Nfd7 28.
Rd2 Bf6 29. Bd1 1-0

[Event "Landesklasse Ost 2016/2017"]
[Site "?"]
[Date "2016.11.06"]
[Round "2"]
[White "Trautmann, Johannes"]
[Black "Lieke, Arno"]
[Result "1-0"]
[WhiteElo "1692"]
[BlackElo "1636"]
[PlyCount "83"]
[EventDate "2016.??.??"]
[WhiteTeam "SV Empor Erfurt"]
[BlackTeam "SSV Vimaria 91 Weimar"]

1. c4 c5 2. Nf3 Nf6 3. Nc3 Nc6 4. g3 g6 5. Bg2 Bg7 6. O-O d6 7. a3 O-O 8. Rb1
a5 9. d3 Bd7 10. Ne1 Rb8 11. Nc2 Na7 12. b4 axb4 13. axb4 b6 14. b5 Be6 15. e4
Qd7 16. Bb2 Bh3 17. Ne3 Bxg2 18. Kxg2 e6 19. Qb3 Qb7 20. Kg1 Ra8 21. Ra1 Rfb8
22. Ra6 Nd7 23. Rfa1 Nc8 24. Ne2 Bxb2 25. Qxb2 Ra7 26. Rxa7 Nxa7 27. Ng4 e5 28.
Nc3 h5 29. Ne3 f6 30. Ned5 Nf8 31. Qa2 Kf7 32. f4 Ke6 33. Qg2 Kf7 34. Rf1 Ra8
35. Qh3 exf4 36. Nxf4 Nc8 37. Qe6+ Kg7 38. Nxh5+ gxh5 39. Qxf6+ Kh7 40. Rf5
Ra1+ 41. Kg2 Ra7 42. Rxh5+ 1-0

[Event "Landesklasse Ost 2016/2017"]
[Site "?"]
[Date "2016.11.06"]
[Round "2"]
[White "Greger, Dominik"]
[Black "Thiemann, Jürgen"]
[Result "1/2-1/2"]
[WhiteElo "1608"]
[BlackElo "1719"]
[PlyCount "38"]
[EventDate "2016.??.??"]
[WhiteTeam "SSV Vimaria 91 Weimar"]
[BlackTeam "SV Empor Erfurt"]

1. d4 d5 2. Nf3 Nf6 3. e3 Bg4 4. c4 e6 5. Qb3 Qc8 6. Ne5 Bf5 7. Nc3 dxc4 8.
Bxc4 c6 9. a4 Bd6 10. O-O Nbd7 11. f4 O-O 12. Bd2 g6 13. Rac1 Rb8 14. Be2 Ne4
15. Nxe4 Bxe4 16. Bb4 Bxb4 17. Qxb4 Nf6 18. Bf3 Qd8 19. Bxe4 Nxe4 1/2-1/2

[Event "Landesklasse Ost 2016/2017"]
[Site "?"]
[Date "2016.11.06"]
[Round "2"]
[White "Bethge, Johanna"]
[Black "Assmann, Winfried"]
[Result "1-0"]
[WhiteElo "1572"]
[BlackElo "1562"]
[PlyCount "91"]
[EventDate "2016.??.??"]
[WhiteTeam "SV Empor Erfurt"]
[BlackTeam "SSV Vimaria 91 Weimar"]

1. e4 g6 2. d4 Bg7 3. Nf3 d6 4. Be3 Nf6 5. Nc3 O-O 6. Qd2 b6 7. Bh6 Bb7 8. Bxg7
Kxg7 9. Bd3 Nbd7 10. h3 c5 11. e5 dxe5 12. dxe5 Nd5 13. Be4 e6 14. Nxd5 Bxd5
15. Bxd5 exd5 16. Qxd5 Qc7 17. O-O-O Rad8 18. Qd6 Qb7 19. Qd3 Kg8 20. Qc3 Rfe8
21. h4 Re7 22. h5 Rde8 23. h6 Qe4 24. Rh4 Qf5 25. g3 Nxe5 26. Rf4 Qh5 27. Nxe5
Qxe5 28. Qxe5 Rxe5 29. Rd7 Re1+ 30. Kd2 R1e7 31. Rxe7 Rxe7 32. Rf6 Kf8 33. f4
Rd7+ 34. Kc3 Ke7 35. Rc6 Rd6 36. Rc7+ Rd7 37. Rc8 Rd8 38. Rxd8 Kxd8 39. Kc4 Kc7
40. Kd5 Kd7 41. g4 Kc7 42. Ke5 Kd7 43. Kf6 Ke8 44. Kg7 f5 45. gxf5 gxf5 46. Kf6
1-0

[Event "Landesklasse Ost 2016/2017"]
[Site "?"]
[Date "2016.11.06"]
[Round "2"]
[White "Kalisch, Michael"]
[Black "Schlierf, Andre"]
[Result "1-0"]
[WhiteElo "2103"]
[BlackElo "1841"]
[PlyCount "79"]
[EventDate "2016.??.??"]
[WhiteTeam "ESV Lok Sömmerda"]
[BlackTeam "Schachklub Weida"]

1. e4 c5 2. Nc3 Nc6 3. f4 g6 4. Nf3 Bg7 5. Bb5 d6 6. Bxc6+ bxc6 7. d3 Rb8 8.
O-O Nf6 9. Qe1 O-O 10. Qh4 Nd7 11. f5 e5 12. Qh3 f6 13. fxg6 hxg6 14. Qe6+ Kh7
15. Qh3+ Kg8 16. Qg3 Qe8 17. b3 Nb6 18. Bd2 Be6 19. Nd1 Kf7 20. Nh4 g5 21. Qxg5
Rg8 22. Qh5+ Ke7 23. Nf5+ Kd7 24. Nxg7 Rxg7 25. Qxe8+ Rxe8 26. Rxf6 Reg8 27.
Rf2 d5 28. Ne3 Nc8 29. Nf5 Rg6 30. g3 Nd6 31. Re1 dxe4 32. dxe4 Nb5 33. Be3 c4
34. Rd1+ Kc7 35. Ne7 Nc3 36. Re1 Nxe4 37. Rg2 Bh3 38. Nxg6 Bxg2 39. Nxe5 Bh3
40. Bf4 1-0

[Event "Landesklasse Ost 2016/2017"]
[Site "?"]
[Date "2016.11.06"]
[Round "2"]
[White "Schumann, Robert"]
[Black "Kühn, Martin"]
[Result "0-1"]
[WhiteElo "1847"]
[BlackElo "1930"]
[PlyCount "80"]
[EventDate "2016.??.??"]
[WhiteTeam "Schachklub Weida"]
[BlackTeam "ESV Lok Sömmerda"]

1. d4 d5 2. Nf3 Nc6 3. e3 Bg4 4. Be2 Nf6 5. Nbd2 e6 6. O-O Bd6 7. c4 O-O 8. c5
Be7 9. Qc2 e5 10. dxe5 Nd7 11. Ng5 Bxg5 12. Bxg4 Ndxe5 13. Be2 d4 14. Nf3 d3
15. Bxd3 Nxd3 16. Nxg5 Ncb4 17. Qc4 Qxg5 18. Bd2 a5 19. a3 Qd5 20. Qg4 Nc6 21.
Bc3 f6 22. Rad1 Rad8 23. Qe2 Rfe8 24. Rd2 Qe4 25. f3 Qg6 26. Rfd1 Nde5 27. Bxe5
Rxd2 28. Rxd2 Nxe5 29. f4 Ng4 30. Qc4+ Qf7 31. Qa4 Qe6 32. Re2 Rd8 33. h3 Nxe3
34. f5 Qc4 35. Qxc4+ Nxc4 36. Re7 Rc8 37. b4 axb4 38. axb4 Ne5 39. b5 Kf8 40.
Re6 Re8 0-1

[Event "Landesklasse Ost 2016/2017"]
[Site "?"]
[Date "2016.11.06"]
[Round "2"]
[White "Koksch, Robert"]
[Black "Künzel, Andre"]
[Result "1/2-1/2"]
[WhiteElo "1879"]
[BlackElo "1835"]
[PlyCount "32"]
[EventDate "2016.??.??"]
[WhiteTeam "ESV Lok Sömmerda"]
[BlackTeam "Schachklub Weida"]

1. d4 d6 2. c4 e5 3. e4 exd4 4. Qxd4 Nf6 5. f3 Nc6 6. Qf2 Be7 7. Nc3 O-O 8.
Nge2 Re8 9. Be3 Ne5 10. Nd4 c6 11. Be2 d5 12. cxd5 cxd5 13. exd5 Nxd5 14. Nxd5
Qxd5 15. O-O Nc4 16. Bxc4 Qxc4 1/2-1/2

[Event "Landesklasse Ost 2016/2017"]
[Site "?"]
[Date "2016.11.06"]
[Round "2"]
[White "Heine, Robert"]
[Black "Kirste, Olaf"]
[Result "0-1"]
[WhiteElo "1578"]
[BlackElo "1861"]
[PlyCount "100"]
[EventDate "2016.??.??"]
[WhiteTeam "Schachklub Weida"]
[BlackTeam "ESV Lok Sömmerda"]

1. d4 g6 2. e4 d6 3. Nf3 Bg7 4. c3 Nf6 5. Bd3 c6 6. O-O Qc7 7. Bf4 O-O 8. h3
Nbd7 9. e5 dxe5 10. Nxe5 Nh5 11. Nxd7 Qxf4 12. Nxf8 Bxf8 13. Qd2 Qh4 14. Qe3
Nf4 15. Bc4 Bh6 16. Qg3 Qf6 17. Re1 Bf5 18. Nd2 Nh5 19. Qe5 Bxd2 20. Qxf6 Nxf6
21. Rxe7 Nd5 22. Bxd5 cxd5 23. Rd1 Bg5 24. Rxb7 a5 25. Re1 Bf6 26. Re3 Ra6 27.
g4 Be6 28. f4 Kg7 29. Rg3 Bh4 30. Rg2 Kf6 31. Kh2 h5 32. Rb8 hxg4 33. hxg4 Kg7
34. Kh3 Be7 35. f5 Bd6 36. Rd8 Bc7 37. Re8 Bd7 38. Re7 Rd6 39. Rf2 gxf5 40.
gxf5 Kf6 41. Re5 Bd8 42. Kg4 Kg7 43. Kf4 Bc7 44. Ke3 Bd8 45. Kd3 Bf6 46. Re3
Bb5+ 47. Kc2 a4 48. b3 Rc6 49. Rg2+ Kf8 50. Rg1 Bxd4 0-1

[Event "Landesklasse Ost 2016/2017"]
[Site "?"]
[Date "2016.11.06"]
[Round "2"]
[White "Böhnke, Hartmut"]
[Black "Wagner, Uwe"]
[Result "1/2-1/2"]
[WhiteElo "1748"]
[BlackElo "1690"]
[PlyCount "102"]
[EventDate "2016.??.??"]
[WhiteTeam "ESV Lok Sömmerda"]
[BlackTeam "Schachklub Weida"]

1. b4 d5 2. Bb2 Bf5 3. e3 c6 4. c4 dxc4 5. Bxc4 e6 6. Nf3 Nf6 7. Qb3 Nbd7 8.
Nc3 Be7 9. d4 Nb6 10. Be2 O-O 11. a3 Rc8 12. O-O Ne4 13. Nxe4 Bxe4 14. Nd2 Bg6
15. Bf3 Bf6 16. Ne4 Be7 17. Rac1 Nd5 18. Nc5 Bxc5 19. dxc5 Qg5 20. Qc4 a6 21.
Rfd1 Rcd8 22. Qd4 Qf6 23. Qxf6 Nxf6 24. Bxf6 gxf6 25. Kf1 Rfe8 26. h4 h6 27.
Ke2 Kf8 28. Rxd8 Rxd8 29. Rd1 Rxd1 30. Kxd1 Bb1 31. Kc1 Ba2 32. Kc2 Bc4 33. Kc3
Bf1 34. g3 Ke7 35. Kd4 Bh3 36. a4 e5+ 37. Kc3 Bf1 38. Bg4 Kd8 39. Bf5 Be2 40.
Kd2 Bc4 41. g4 Bb3 42. Bc2 Bd5 43. f4 exf4 44. exf4 Be6 45. Bd1 Ke7 46. Kd3 Ba2
47. Kd4 Bd5 48. a5 Bg2 49. f5 Bd5 50. Ke3 Ba2 51. Kf4 Bd5 1/2-1/2

[Event "Landesklasse Ost 2016/2017"]
[Site "?"]
[Date "2016.11.06"]
[Round "2"]
[White "Berlt, Norbert"]
[Black "Heine, Mario"]
[Result "0-1"]
[WhiteElo "1632"]
[BlackElo "1783"]
[PlyCount "105"]
[EventDate "2016.??.??"]
[WhiteTeam "ESV Lok Sömmerda"]
[BlackTeam "Schachklub Weida"]

1. d4 d6 2. Nf3 Nf6 3. Bf4 c6 4. e3 Nbd7 5. a3 Qc7 6. c4 e5 7. dxe5 dxe5 8. Bg3
Ne4 9. Nbd2 Nxg3 10. hxg3 h6 11. Bd3 Nc5 12. Bc2 Bg4 13. Qb1 Be7 14. b4 Nd7 15.
Ne4 Rf8 16. O-O f5 17. Nc3 g6 18. b5 a6 19. bxa6 Rxa6 20. Nh2 Rb6 21. Qa2 Bh5
22. Rab1 Ra6 23. Na4 g5 24. Qb2 b6 25. Nf3 Rf6 26. Qb3 Bf7 27. Qc3 g4 28. Nh4
Be6 29. Rb2 Qa7 30. f4 e4 31. c5 b5 32. Rxb5 Rxa4 33. Bxa4 Qxa4 34. Ra5 Qc4 35.
Ra8+ Kf7 36. Qxc4 Bxc4 37. Rc1 Bd3 38. Ra7 Ke6 39. a4 Rf7 40. Rxd7 Kxd7 41. Ng6
Bf6 42. Kf2 Ke6 43. Ne5 Bxe5 44. fxe5 Kxe5 45. Rc3 Ra7 46. Rb3 Rxa4 47. Rb7
Ra2+ 48. Kg1 Ra1+ 49. Kh2 Ra2 50. Kg1 Bc4 51. Rh7 Be6 52. Rxh6 Rc2 53. Kf1 0-1

[Event "Landesklasse Ost 2016/2017"]
[Site "?"]
[Date "2016.11.06"]
[Round "2"]
[White "Lehmann, Volkhard"]
[Black "Loose, Helmut"]
[Result "1-0"]
[WhiteElo "1674"]
[BlackElo "1604"]
[PlyCount "91"]
[EventDate "2016.??.??"]
[WhiteTeam "Schachklub Weida"]
[BlackTeam "ESV Lok Sömmerda"]

1. d4 Nf6 2. Bf4 e6 3. a3 b6 4. e3 Bb7 5. Nf3 Be7 6. c4 d5 7. Nc3 a6 8. Rc1 O-O
9. cxd5 exd5 10. Be2 Nbd7 11. b4 Rc8 12. O-O Nh5 13. Be5 f6 14. Bg3 Nxg3 15.
hxg3 Re8 16. Bd3 Nf8 17. Qc2 c5 18. dxc5 bxc5 19. bxc5 Rxc5 20. Qb3 Qa8 21. Nd4
g6 22. Rb1 Rc7 23. Nce2 Kh8 24. Nf4 Bd8 25. Qb4 Qc8 26. Bc2 Be7 27. Qb2 Ba8 28.
Bb3 Qd7 29. Rfd1 g5 30. Nh3 Bd6 31. Qa2 Be5 32. Nf3 Rc5 33. Nxe5 Rxe5 34. Rd4
Ne6 35. Ba4 Qc7 36. Rdb4 Rc1+ 37. Kh2 Rxb1 38. Qxb1 Nd8 39. Rb6 Re6 40. Qb4 Re7
41. Rxf6 a5 42. Qb2 Kg8 43. Nxg5 Rg7 44. Ne6 Nxe6 45. Rxe6 Kf7 46. Qf6+ 1-0

[Event "Landesklasse Ost 2016/2017"]
[Site "?"]
[Date "2016.11.06"]
[Round "2"]
[White "Hannewald, Anton"]
[Black "Einax, Claus-Dieter"]
[Result "1-0"]
[WhiteElo "1961"]
[BlackElo "1833"]
[PlyCount "69"]
[EventDate "2016.??.??"]
[WhiteTeam "SC Rochade Zeulenroda"]
[BlackTeam "TSG Apolda"]

1. e4 e5 2. Nf3 Nc6 3. Bb5 a6 4. Ba4 Nf6 5. O-O d6 6. Bxc6+ bxc6 7. d4 Nxe4 8.
dxe5 d5 9. c4 Be7 10. Qc2 O-O 11. Be3 Bb7 12. Rc1 Rc8 13. Nbd2 Nxd2 14. Qxd2
Qd7 15. c5 f6 16. Rc3 Rce8 17. Rb3 Bc8 18. Qa5 Bd8 19. Bd4 Re6 20. Rb8 Rfe8 21.
Qc3 h6 22. h3 f5 23. a4 g5 24. Ne1 Rg6 25. Nd3 f4 26. f3 h5 27. Nf2 Qe6 28. Ra3
Be7 29. Rab3 Bf8 30. Qc2 Bg7 31. Ra8 Kf7 32. Nd3 Qf5 33. Rbb8 Bxe5 34. Nxe5+
Rxe5 35. Qxf5+ 1-0

[Event "Landesklasse Ost 2016/2017"]
[Site "?"]
[Date "2016.11.06"]
[Round "2"]
[White "Krug, Klaus-Peter"]
[Black "Fuchs, Antje"]
[Result "0-1"]
[WhiteElo "1825"]
[BlackElo "1921"]
[PlyCount "128"]
[EventDate "2016.??.??"]
[WhiteTeam "TSG Apolda"]
[BlackTeam "SC Rochade Zeulenroda"]

1. d4 Nf6 2. Nf3 g6 3. Nbd2 Bg7 4. e4 d6 5. Bd3 O-O 6. O-O c6 7. Re1 Qc7 8. Nf1
e5 9. c3 Nbd7 10. Ng3 c5 11. d5 c4 12. Bf1 b5 13. a4 Ba6 14. axb5 Bxb5 15. Nd2
Rfb8 16. h4 h5 17. Be2 a5 18. Ngf1 Nc5 19. f3 Bh6 20. g3 a4 21. Kg2 a3 22. b3
a2 23. Bxc4 Bxc4 24. bxc4 Nd3 25. Re2 Nxc1 26. Qxc1 Qc5 27. Qc2 Qa3 28. c5 Rb2
29. Qd3 Qxc5 30. Nc4 Rxe2+ 31. Qxe2 Ra4 32. Nxd6 Qxd6 33. Rxa2 Rxa2 34. Qxa2
Bf8 35. Nd2 Qc5 36. Nc4 Nd7 37. Qa6 Kg7 38. Kf1 Qc7 39. Qc6 Qa7 40. Ke2 Bc5 41.
Kd3 Bf2 42. Nd6 Qe3+ 43. Kc4 Qe2+ 44. Kb3 Nc5+ 45. Ka3 Qxf3 46. Kb4 Qd3 47.
Ne8+ Kf8 48. Nd6 Qb1+ 49. Ka5 Qa2+ 50. Kb6 Nxe4+ 51. Kb7 Qb3+ 52. Kc8 Nxd6+ 53.
Qxd6+ Kg8 54. Qxe5 Qc4+ 55. Kb7 Qb5+ 56. Kc8 Qa6+ 57. Kb8 Bc5 58. Qe8+ Kg7 59.
Qe5+ Kh7 60. Kc7 Qb6+ 61. Kd7 Qb7+ 62. Kd8 Bb6+ 63. Ke8 Kg8 64. d6 Qc8+ 0-1

[Event "Landesklasse Ost 2016/2017"]
[Site "?"]
[Date "2016.11.06"]
[Round "2"]
[White "Mucha, Annegret"]
[Black "Siegl, Detlef"]
[Result "1/2-1/2"]
[WhiteElo "1963"]
[BlackElo "1736"]
[PlyCount "81"]
[EventDate "2016.??.??"]
[WhiteTeam "SC Rochade Zeulenroda"]
[BlackTeam "TSG Apolda"]

1. e4 e5 2. Nf3 Nc6 3. Bc4 Nf6 4. d3 Be7 5. O-O O-O 6. Re1 d5 7. exd5 Nxd5 8.
Nxe5 Nxe5 9. Rxe5 Nb6 10. Bb3 Bd6 11. Bg5 Qd7 12. Re1 Qf5 13. Bh4 Bd7 14. Nc3
Rfe8 15. Bg3 Rxe1+ 16. Qxe1 Re8 17. Qd2 Bc6 18. Re1 Rd8 19. Qe2 Qg6 20. Qf1 Rc8
21. Ne4 Bf8 22. f4 Bd5 23. f5 Qc6 24. Bxd5 Qxd5 25. Nc3 Qa5 26. a3 Qc5+ 27. Kh1
c6 28. Qf2 Qa5 29. Ne4 Qd5 30. f6 g6 31. Bf4 Qf5 32. Qh4 Rd8 33. Bh6 Nd5 34.
Bxf8 Rxf8 35. Kg1 h5 36. c4 Nc7 37. Rf1 Qe5 38. Qg3 Qd4+ 39. Kh1 Ne6 40. b4 Rd8
41. c5 1/2-1/2

[Event "Landesklasse Ost 2016/2017"]
[Site "?"]
[Date "2016.11.06"]
[Round "2"]
[White "Geißler, Gerd"]
[Black "Glock, Benjamin"]
[Result "1/2-1/2"]
[WhiteElo "1613"]
[BlackElo "1787"]
[PlyCount "45"]
[EventDate "2016.??.??"]
[WhiteTeam "TSG Apolda"]
[BlackTeam "SC Rochade Zeulenroda"]

1. e4 e5 2. Nf3 Nc6 3. Bb5 a6 4. Ba4 Nf6 5. O-O Be7 6. Re1 b5 7. Bb3 d6 8. d3
Na5 9. c3 Nxb3 10. Qxb3 Be6 11. Qc2 c5 12. a4 O-O 13. Bg5 Qc7 14. Nbd2 h6 15.
Be3 Ng4 16. Nf1 f5 17. axb5 axb5 18. Rxa8 Rxa8 19. exf5 Bxf5 20. h3 Nxe3 21.
Nxe3 Be6 22. d4 Bf6 23. Qe4 1/2-1/2

[Event "Landesklasse Ost 2016/2017"]
[Site "?"]
[Date "2016.11.06"]
[Round "2"]
[White "Barth, Christian"]
[Black "Kroh, Christian"]
[Result "1/2-1/2"]
[WhiteElo "1848"]
[BlackElo "1395"]
[PlyCount "74"]
[EventDate "2016.??.??"]
[WhiteTeam "SC Rochade Zeulenroda"]
[BlackTeam "TSG Apolda"]

1. e4 e5 2. Nf3 Nf6 3. Nc3 Nc6 4. Bc4 Be7 5. d3 d6 6. h3 Bd7 7. O-O O-O 8. Nh2
Be6 9. Nd5 Bxd5 10. Bxd5 Nxd5 11. exd5 Nb4 12. c4 Bf6 13. Be3 Re8 14. Qb3 a5
15. a3 Na6 16. Qxb7 Qd7 17. Qb3 Rab8 18. Qc2 Rb7 19. Rab1 Reb8 20. Ng4 Be7 21.
f4 exf4 22. Bxf4 f5 23. Nh2 Bf6 24. Bc1 Nc5 25. Nf3 Qa4 26. Qe2 Qb3 27. d4 Ne4
28. Bd2 Nxd2 29. Nxd2 Bxd4+ 30. Kh1 Qe3 31. Qd1 Rxb2 32. Rxf5 Rxb1 33. Nxb1
Qg1+ 34. Qxg1 Bxg1 35. Kxg1 Rxb1+ 36. Rf1 Rb3 37. Rf3 Rb1+ 1/2-1/2

[Event "Landesklasse Ost 2016/2017"]
[Site "?"]
[Date "2016.11.06"]
[Round "2"]
[White "Schroeter, Matthias"]
[Black "Skibbe, Diana"]
[Result "1/2-1/2"]
[WhiteElo "1576"]
[BlackElo "1935"]
[PlyCount "55"]
[EventDate "2016.??.??"]
[WhiteTeam "TSG Apolda"]
[BlackTeam "SC Rochade Zeulenroda"]

1. Nf3 Nf6 2. d4 g6 3. e3 Bg7 4. Bd3 c5 5. O-O cxd4 6. exd4 O-O 7. c3 d6 8. Bg5
Bg4 9. h3 Bxf3 10. Qxf3 Nc6 11. Nd2 Qa5 12. Bxf6 Bxf6 13. Nc4 Qc7 14. Rfe1 Bg7
15. Ne3 Rae8 16. Bb5 e6 17. Re2 a6 18. Bxc6 Qxc6 19. Qxc6 bxc6 20. Rd1 Rb8 21.
b3 d5 22. Rc2 Rfd8 23. Ng4 Rdc8 24. Ne5 Bxe5 25. dxe5 c5 26. c4 d4 27. Rd3 Rb6
28. f4 1/2-1/2

[Event "Landesklasse Ost 2016/2017"]
[Site "?"]
[Date "2016.11.06"]
[Round "2"]
[White "Werner, Daniel"]
[Black "Gerlach, Dieter"]
[Result "1-0"]
[WhiteElo "1771"]
[BlackElo "1673"]
[PlyCount "119"]
[EventDate "2016.??.??"]
[WhiteTeam "SC Rochade Zeulenroda"]
[BlackTeam "TSG Apolda"]

1. e4 e5 2. Nf3 Nc6 3. Bb5 a6 4. Ba4 Nf6 5. O-O b5 6. Bb3 Be7 7. Re1 O-O 8. c3
d5 9. exd5 Nxd5 10. Nxe5 Nxe5 11. Rxe5 c6 12. Bxd5 cxd5 13. d4 Bd6 14. Re1 Qh4
15. g3 Qh3 16. Qe2 Bg4 17. Qf1 Qh5 18. Be3 f5 19. f4 Rf6 20. Nd2 Re8 21. Qg2
Qf7 22. Bf2 Rfe6 23. Rxe6 Rxe6 24. Re1 Rxe1+ 25. Bxe1 Qe6 26. Qf2 Be2 27. h4 b4
28. cxb4 Bxb4 29. Nb3 Bxe1 30. Qxe1 Qe4 31. Nc1 Bc4 32. Qxe4 fxe4 33. Kf2 Kf7
34. b3 Bb5 35. Ne2 Ke6 36. g4 g6 37. Nc3 Bc6 38. a3 h5 39. gxh5 gxh5 40. Nd1
Bd7 41. Ne3 Bc6 42. Kg3 Kf6 43. f5 Bb7 44. b4 Ba8 45. Kf4 Bb7 46. a4 Bc6 47. b5
axb5 48. axb5 Bb7 49. b6 Ba8 50. Nf1 Kg7 51. Kg5 Bc6 52. Kxh5 Kf6 53. Kg4 Bb7
54. Ne3 Bc6 55. h5 Bb7 56. h6 Bc6 57. Kf4 Bb7 58. Ng4+ Kf7 59. Kg5 Bc6 60. f6
1-0

[Event "Landesklasse Ost 2016/2017"]
[Site "?"]
[Date "2016.11.06"]
[Round "2"]
[White "Liebeskind, Pascal"]
[Black "Riemer-Nlula, Marion"]
[Result "0-1"]
[WhiteElo "1420"]
[BlackElo "1664"]
[PlyCount "54"]
[EventDate "2016.??.??"]
[WhiteTeam "TSG Apolda"]
[BlackTeam "SC Rochade Zeulenroda"]

1. d4 f5 2. Nf3 Nf6 3. c4 e6 4. Nc3 d5 5. Bf4 c6 6. e3 Be7 7. Be2 O-O 8. Ne5
Ne4 9. g4 g5 10. h4 gxf4 11. exf4 Bxh4 12. Nxe4 fxe4 13. Qd2 Qf6 14. Rh2 Nd7
15. O-O-O Nxe5 16. dxe5 Qxf4 17. Rxh4 Qxd2+ 18. Kxd2 Rxf2 19. Ke3 Rf7 20. Rdh1
Bd7 21. g5 Raf8 22. Rh6 Rg7 23. g6 Be8 24. Rxh7 Bxg6 25. Rh8+ Kf7 26. Rf1+ Bf5
27. cxd5 Rxh8 0-1

[Event "Landesklasse Ost 2016/2017"]
[Site "?"]
[Date "2016.11.06"]
[Round "2"]
[White "Sunderbrink, Heino"]
[Black "Seidens, Gunter"]
[Result "1/2-1/2"]
[WhiteElo "1899"]
[BlackElo "1908"]
[PlyCount "22"]
[EventDate "2016.??.??"]
[WhiteTeam "SV Medizin Erfurt"]
[BlackTeam "VfL 1990 Gera"]

1. Nf3 f5 2. d3 Nc6 3. c4 e5 4. Nc3 Nf6 5. g3 Bc5 6. Bg2 d6 7. O-O a5 8. a3 O-O
9. Rb1 Qe8 10. Bg5 Qh5 11. e3 h6 1/2-1/2

[Event "Landesklasse Ost 2016/2017"]
[Site "?"]
[Date "2016.11.06"]
[Round "2"]
[White "Schönfeld, Volker"]
[Black "Kube, Hannelore"]
[Result "1/2-1/2"]
[WhiteElo "1901"]
[BlackElo "1866"]
[PlyCount "24"]
[EventDate "2016.??.??"]
[WhiteTeam "VfL 1990 Gera"]
[BlackTeam "SV Medizin Erfurt"]

1. e4 e5 2. Nc3 Nf6 3. f4 d5 4. fxe5 Nxe4 5. Qf3 f5 6. d3 Nxc3 7. bxc3 d4 8.
Qg3 Nc6 9. Nf3 Be6 10. Be2 Qd7 11. O-O Bc5 12. c4 Bxc4 1/2-1/2

[Event "Landesklasse Ost 2016/2017"]
[Site "?"]
[Date "2016.11.06"]
[Round "2"]
[White "Rost, Detlef"]
[Black "Huster, Mike"]
[Result "0-1"]
[WhiteElo "1843"]
[BlackElo "1888"]
[PlyCount "68"]
[EventDate "2016.??.??"]
[WhiteTeam "SV Medizin Erfurt"]
[BlackTeam "VfL 1990 Gera"]

1. d4 e6 2. c4 f5 3. Nc3 Nf6 4. Bg5 Be7 5. e3 O-O 6. Qc2 d5 7. cxd5 exd5 8. Bd3
c6 9. Bxf5 Na6 10. Bxc8 Rxc8 11. Bxf6 Bxf6 12. Nf3 Qd6 13. O-O Rce8 14. e4 dxe4
15. Nxe4 Qd5 16. Nxf6+ Rxf6 17. Rfe1 Rfe6 18. Qc3 Nc7 19. Rxe6 Rxe6 20. b3 Rd6
21. Re1 Qf5 22. Qe3 Re6 23. Ne5 Nd5 24. g4 Nxe3 25. gxf5 Nxf5 26. Rd1 Rd6 27.
Nc4 Rxd4 28. Rxd4 Nxd4 29. Nd6 b5 30. Nc8 a5 31. Kf1 Kf8 32. Ke1 Ke8 33. Kd2
Kd7 34. Na7 Kc7 0-1

[Event "Landesklasse Ost 2016/2017"]
[Site "?"]
[Date "2016.11.06"]
[Round "2"]
[White "Richter, Sven"]
[Black "Fischer, Dennis"]
[Result "1/2-1/2"]
[WhiteElo "1952"]
[BlackElo "1812"]
[PlyCount "140"]
[EventDate "2016.??.??"]
[WhiteTeam "VfL 1990 Gera"]
[BlackTeam "SV Medizin Erfurt"]

1. e4 d6 2. Nf3 g6 3. d4 Bg7 4. Nc3 Nf6 5. Be2 O-O 6. O-O c6 7. h3 Nbd7 8. Be3
e5 9. Qd2 Re8 10. dxe5 dxe5 11. Rad1 Qc7 12. a3 Nb6 13. Qd6 Qxd6 14. Rxd6 Be6
15. Bxb6 axb6 16. Ng5 Bf8 17. Rdd1 b5 18. Nxe6 Rxe6 19. f3 Bc5+ 20. Kh2 Kf8 21.
Na2 Ke7 22. Nc1 g5 23. c4 Bd4 24. cxb5 Bxb2 25. Bc4 Rd6 26. Rxd6 Kxd6 27. bxc6
bxc6 28. Bxf7 Rxa3 29. Nb3 Ra4 30. Rb1 Bd4 31. Nd2 Bc3 32. Nf1 Ra1 33. Rxa1
Bxa1 34. Ne3 Bc3 35. Nf5+ Kc5 36. Kg1 Kb4 37. Kf1 Bd2 38. Ke2 Kc3 39. Nd6 Bc1
40. Nc4 Kd4 41. Na5 Bf4 42. Nxc6+ Kc5 43. Ne7 h5 44. Nf5 h4 45. Kd3 Nd7 46. Ne3
Nb6 47. Nc2 Nc8 48. Ne3 Nd6 49. Bd5 Ne8 50. Nf5 Nf6 51. Bf7 Nd7 52. Ng7 Nf6 53.
Ke2 Kd4 54. Nf5+ Kc3 55. Kf2 Nd7 56. g3 hxg3+ 57. Nxg3 Nc5 58. Ne2+ Kd2 59.
Nxf4 exf4 60. Bc4 Nd7 61. Be2 Ne5 62. Bb5 Nf7 63. Be8 Ne5 64. Bh5 Nd3+ 65. Kg2
Ke3 66. h4 gxh4 67. Kh3 Kd4 68. Kxh4 Ke5 69. Kg5 Nc5 70. Bg4 Nxe4+ 1/2-1/2

[Event "Landesklasse Ost 2016/2017"]
[Site "?"]
[Date "2016.11.06"]
[Round "2"]
[White "Stumm, Rainer"]
[Black "Kretzschmar, Bernd"]
[Result "0-1"]
[WhiteElo "1558"]
[BlackElo "1822"]
[PlyCount "56"]
[EventDate "2016.??.??"]
[WhiteTeam "SV Medizin Erfurt"]
[BlackTeam "VfL 1990 Gera"]

1. Nf3 g6 2. e4 Bg7 3. Bc4 c6 4. Nc3 b5 5. Bb3 a5 6. a4 b4 7. Ne2 Na6 8. d4 d5
9. exd5 cxd5 10. c4 bxc3 11. Nxc3 Nf6 12. Bg5 Nb4 13. Rc1 O-O 14. Nb5 Bf5 15.
Ne5 Ne4 16. Be3 Rc8 17. Rxc8 Qxc8 18. g4 Bd7 19. Nxd7 Qxd7 20. f3 Nd6 21. Nxd6
Qxd6 22. O-O Rc8 23. Qd2 Qb6 24. f4 e6 25. f5 exf5 26. gxf5 Re8 27. f6 Bxf6 28.
Qf2 Rxe3 0-1

[Event "Landesklasse Ost 2016/2017"]
[Site "?"]
[Date "2016.11.06"]
[Round "2"]
[White "Walther, Thomas"]
[Black "Kohl, Gerald"]
[Result "0-1"]
[WhiteElo "1852"]
[BlackElo "1682"]
[PlyCount "54"]
[EventDate "2016.??.??"]
[WhiteTeam "VfL 1990 Gera"]
[BlackTeam "SV Medizin Erfurt"]

1. e4 e6 2. d4 c5 3. Nf3 cxd4 4. Nxd4 Nc6 5. c4 Nf6 6. Nc3 Bb4 7. Nxc6 bxc6 8.
Qf3 Qa5 9. Bd2 Qe5 10. Bd3 d5 11. O-O d4 12. Nb1 Bd6 13. g3 Nh5 14. Qe2 g6 15.
f4 Qc5 16. b4 Qb6 17. c5 Bxc5 18. bxc5 Qb2 19. Bc1 Qxa1 20. Ba3 Rb8 21. Qc2 O-O
22. Qc4 e5 23. f5 Nf6 24. Rc1 Rb2 25. Bxb2 Qxb2 26. Rf1 Ng4 27. Qb3 Qxh2# 0-1

[Event "Landesklasse Ost 2016/2017"]
[Site "?"]
[Date "2016.11.06"]
[Round "2"]
[White "Bloß, Ralf"]
[Black "Fietsch, Roland"]
[Result "0-1"]
[WhiteElo "1540"]
[BlackElo "1765"]
[PlyCount "96"]
[EventDate "2016.??.??"]
[WhiteTeam "SV Medizin Erfurt"]
[BlackTeam "VfL 1990 Gera"]

1. e4 c5 2. Nf3 d6 3. d4 cxd4 4. Nxd4 Nf6 5. Nc3 a6 6. Be2 e6 7. Be3 Be7 8. Qd2
Nbd7 9. O-O-O O-O 10. f3 Qc7 11. Kb1 b5 12. Bd3 Bb7 13. g4 Ne5 14. h4 Nc4 15.
Bxc4 Qxc4 16. h5 d5 17. g5 Ne8 18. g6 Qc8 19. gxh7+ Kh8 20. h6 g6 21. exd5 exd5
22. Nce2 Nd6 23. Bg5 Qd8 24. Bxe7 Qxe7 25. Rde1 Qf6 26. Qd3 Rae8 27. Reg1 Nc4
28. c3 Ne5 29. Qd1 Nc4 30. Qc1 Ne3 31. Ng3 Bc8 32. Re1 Bf5+ 33. Ngxf5 Nxf5 34.
Rxe8 Rxe8 35. Re1 Rxe1 36. Qxe1 Nxd4 37. cxd4 Qf5+ 38. Ka1 Kxh7 39. Qe3 Qe6 40.
Qd2 Qh3 41. Qd1 Kxh6 42. b3 Qg3 43. Qd2+ Qg5 44. f4 Qf5 45. Qh2+ Kg7 46. Qf2
Qe4 47. Kb2 Qd3 48. a3 a5 0-1